000 00761nam a2200217 a 4500
005 20241012063726.0
008 030602s1998 es r 000 0 spa d
020 _a8487403360
035 _aUPN01000124863
049 _aCG
050 4 _aRC483.5 L9
_bY4.38
100 1 _aYensen, Richard
245 1 0 _aHacia una medicina psiquedélica :
_breflexiones sobre el uso de enteógenos en psicoterapia /
_cRichard Yensen ; pról. Josep Maria Fericgla ; tr. Fernando Pardo.
260 _aBarcelona, Esp. :
_bLa liebre de Marzo,
_c1998.
300 _a236 p.
440 0 _aCogniciones.
_pEstados modificados de consciencia ;
_n7
650 4 _aDROGAS PSICOTROPICAS
_916533
650 4 _aPsicoterapia
_98720
650 4 _aPSICOLOGIA TRANSPERSONAL
_98773
905 _aLibro
999 _c97042
_d97042